000 00367nam a22000977a 4500
008 230605b xxu||||| |||| 00| 0 eng d
082 _a328.676
_bEAC
245 _aEast Africa community Proceedings of thr East Africa Legislative Assembly(EALA)
_bFirst Assembly-Second session
_c11 Frb 2003-16 oct 2003 official report (Hansard)
_hvolume II
300 _a623p
942 _2ddc
_cBK
999 _c281
_d281